Pilotes Honda en MotoGP - Statistiques

Statistiques générales
  • Ce quiz a été pris 8 fois
  • Le résultat moyen est 11 sur 14
Statistiques - réponses
Réponse % Correct
Alex Marquez
100%
Dani Pedrosa
100%
Joan Mir
100%
Jorge Lorenzo
100%
Luca Marini
100%
Marc Marquez
100%
Valentino Rossi
100%
Casey Stoner
88%
Nicky Hayden
88%
Andrea Dovizioso
75%
Pol Espargaro
75%
Max Biaggi
38%
Alex Barros
0%
Tohru Ukawa
0%
Aucun quiz correspondant
Distribution des résultats
% des personnes avec chaque résultat
Percentile par nombre de réponses
Votre historique - résultats
Vous n’avez pas pris ce quiz